|
|
|
|
| LEADER |
00000cam a2200000 a 4500 |
| 001 |
UCD6273 |
| 003 |
CL-VaPUC |
| 008 |
161124e20151000sp |||||||||||||||||spa|d |
| 020 |
|
|
|a 9788494388224
|
| 082 |
0 |
4 |
|a 190
|b STI
|2 21
|
| 100 |
0 |
|
|a Stiegler, Bernard
|e author
|9 590036
|
| 245 |
1 |
3 |
|a Lo que hace que la vida merezca ser vivida: de la farmacología
|
| 250 |
|
|
|a 1a. ed
|
| 300 |
|
|
|a 263 p
|
| 942 |
|
|
|c BK
|
| 945 |
|
|
|d 20161124 22:47:00
|a arojas
|
| 260 |
|
|
|a Madrid
|b Avarigani
|c 2015
|
| 650 |
|
0 |
|a Filosofía contemporánea
|9 265372
|
| 650 |
|
0 |
|a Fenomenología
|9 256519
|
| 650 |
|
0 |
|a Ciencia y tecnología
|9 260585
|
| 650 |
|
0 |
|a Modernidad
|9 265371
|
| 583 |
|
|
|a last modification
|c 20180328 11:06:47
|k Rodrigo Vera
|
| 999 |
|
|
|c 366630
|d 366628
|
| 952 |
|
|
|0 0
|1 0
|3 erb
|4 0
|6 190_000000000000000_STI_2015
|7 0
|8 A
|9 481057
|a FDOPOS
|b FDOPOS
|i 5352304
|o 190 STI 2015
|p 5352304
|r 2025-01-22
|w 2019-11-24
|y BK
|z Catalogado en:20161124
|k MLH
|